Stavebnicová miniučebnice anglické obchodní korespondence

Uložené v:
Podrobná bibliografia
Hlavný autor: Závada, Dušan
Ďalší autori: Dynda, Antonín, Krámský, Jiří
Médium: Kniha
Jazyk:Czech
Vydavateľské údaje: Praha Státní nakladatelství technické literatury 1986
Tagy: Pridať tag
Žiadne tagy, Buďte prvý, kto otaguje tento záznam!

MARC

LEADER 00000nam a2200000 4500
001 c105284
005 20041019155134.2
041 0 |a cze 
044 |a CZ 
245 1 0 |a Stavebnicová miniučebnice anglické obchodní korespondence  |c Dušan Závada, Antonín Dynda, Jiří Krámský 
264 1 |a Praha  |b Státní nakladatelství technické literatury  |c 1986 
300 |a 144 s. 
100 1 |a Závada, Dušan 
700 1 |a Dynda, Antonín 
700 1 |a Krámský, Jiří